000 01786nam0a2200349 i 4500
001 RU\NLR\BIBL_A\010736950
005 20260405063539.0
010 _a9785976510258
_bФлинта
010 _a978-5-02-037338-9
_bНаука
_9500
021 _aRU
_b2015-17797
_91063
035 _a(NILC)RuMoRGB-007892421
035 _a(NLR Aleph) 010736950
090 _a9887051
_c9887051
100 _a20150423d2015 u y0rusy50 ca
101 0 _arus
_amul
102 _aRU
105 _aah||j|||001yy
200 1 _aИстория и теория письма
_eучебное пособие для студентов высших учебных заведений, обучающихся по направлению 033000 "Культурология"
_fЛ. Л. Федорова
210 _aМосква
_cФлинта
_cНаука
_d2015
215 _a559, [2] с.
_cил., табл., факс.
_d21
320 _aБиблиогр.: с. 518-534 и в подстроч. примеч.
320 _aУказ.: Терминов; Письмен. (предписьмен.) памятников; Письмен. (предписьмен.) систем и яз.; Имен: в конце кн.
606 _aПисьмо
_jУчебные издания для высших учебных заведений
_9936547
_3RU\NLR\AUTH\6627166
606 _aПалеография
_jУчебные издания для высших учебных заведений
_91002972
_3RU\NLR\AUTH\6662942
686 1 _aШ108я7
686 1 _aТ223я73
700 1 _8rus
_7ca
_aФедорова
_bЛ. Л.
_cканд. филол. наук
_gЛюдмила Львовна
_3RU\NLR\AUTH\7721987
_95048
801 0 _aRU
_bРГБ
_c20150320
_gRCR
942 _cBOOK
980 _aNBR